Responses for Show #6756 - Monday, January 20, 2014

Sarah McNitt game 5.

Contestants

[<< previous game]

Jon McGuire, a software development manager from Matthews, North Carolina

Blake Perkins, an environmental scientist from Baton Rouge, Louisiana

Sarah McNitt, a study-abroad advisor originally from Ann Arbor, Michigan (whose 4-day cash winnings total $69,199)

[next game >>]

Jeopardy! Round responses

WORD PUZZLES
1970s NO. 1 HITS
DESCRIBING THE ANIMAL
TEEING OFF
CHIPPING IN
LET'S PLAY SOME GULF
    $200 26
(Alex: Yeah, it took you a moment to figure it out.)

a moving van

Jon
    $200 12
Elton John

Sarah
    $200 1
a lion

Blake
    $200 7
the riot act

Jon
    $200 17
(Jon: What is the NBA?)

the NFL

Jon
Triple Stumper
    $200 6
the Gulf of Mexico

Jon
    $400 27
red in the face

Sarah
    $400 13
the Jackson 5

Sarah
    $400 2
a fish

Sarah
    $400 8
Ivan the Terrible

Jon
    $400 18
coral reefs

Blake
    $400 22
(Blake: What is Latvia?)

Russia

SarahBlake
    $600 28
a permanent wave

Sarah
    $600 14
"Raindrops Keep Fallin' on My Head"

Sarah
    $600 3
a fox

Sarah
    $600 9
wrath

Blake
    $600 19
McDonald's

Sarah
    $600 23
the Northwest Passage

Blake
    $800 29
spread eagle

Jon
    $800 15
"I Will Survive"

Sarah
    $800 4
a crab

Sarah
    $800 10
adrenaline

Jon
    $2,000 20
March of Dimes

Sarah
    $800 24
the Gulf of Aqaba

Triple Stumper
    $1000 30
a T-square

Sarah
    $1000 16
"Silly Love Songs"

Jon
    $1000 5
a horse

Blake
    $1000 11
(Jon: What are taxes?)

draft laws

Jon
Triple Stumper
    $1000 21
Goodwill

Blake
    $1000 25
(Alex: The country very much in the news a few years ago--[*].)

Libya

Triple Stumper

Scores at the first commercial break (after clue 15):

Sarah Blake Jon
$3,800 $1,800 $600

Scores at the end of the Jeopardy! Round:

Sarah Blake Jon
$8,800 $3,400 $2,400

Double Jeopardy! Round responses

SAME NAME AS A STATE CAPITAL
LITERARY BYWAYS
DURING LOU GEHRIG'S CONSECUTIVE GAME STREAK
RECENT MOVIE QUOTES
BRIT FOOD
AT THE "N"
    $400 1
Albany

Sarah
    $400 26
Oz

Sarah
    $400 16
(Herbert) Hoover

Jon
    $400 7
Argo

Triple Stumper
    $400 2
Mars bars

Blake
    $400 21
a lemon

Jon
    $800 12
Jackson

Jon
    $800 27
(Blake: What is Our Town?)

Main Street

Blake
Triple Stumper
    $800 17
the CIO

Jon
    $800 8
Brave

Sarah
    $800 3
(black) pudding

Sarah
    $800 22
a stein

Blake
    $1200 13
Columbia

Jon
    $1200 28
Tobacco Road

Sarah
    $4,000 18
Pluto

Jon
    $2,600 9
The King's Speech

Sarah
    $1200 4
eels

Sarah
    $1200 23
a talisman

Blake
    $1600 14
Illinois

Triple Stumper
    $1600 29
Neil Simon

Triple Stumper
    $1600 19
Huey Long

Blake
    $1600 10
Pitch Perfect

Triple Stumper
    $1600 5
peas

Sarah
    $1600 24
(Sarah: What is a futon?)
(Blake: What is a sedan?)

a divan

SarahBlake
Triple Stumper
    $2000 15
(Blake: What is... sorry.)

Minnesota

Blake
Triple Stumper
    $2000 30
Revolutionary Road

Sarah
    $2000 20
(Margaret) Sanger

Sarah
    $2000 11
Lincoln

Triple Stumper
    $2000 6
egg

Sarah
    $2000 25
obsidian

Blake

Scores at the end of the Double Jeopardy! Round:

Sarah Blake Jon
$22,200 $5,000 $10,000
(lock game)

[wagering suggestions for these scores]

Final Jeopardy! Round responses

GOVERNMENT SITES
BlakeWhat is the U.S. Naval Academy?
$5,000
JonWhat is the Naval Observatory
$1,620
SarahWhat is the US Naval Academy?
$2,001
Camp David

Final scores:

Sarah Blake Jon
$20,199 $0 $8,380
5-day champion: $89,398 3rd place: $1,000 2nd place: $2,000

Game dynamics:

Coryat scores:

Sarah Blake Jon
$19,600 $5,000 $7,200
24 R
(including 2 DDs),
1 W
11 R,
4 W
13 R
(including 1 DD),
2 W

Combined Coryat: $31,800

[game clues] [game scores] [suggest correction]

Game tape date: 2013-11-12
The J! Archive is created by fans, for fans. Scraping, republication, monetization, and malicious use prohibited; this site may use cookies and collect identifying information. See terms. The Jeopardy! game show and all elements thereof, including but not limited to copyright and trademark thereto, are the property of Jeopardy Productions, Inc. and are protected under law. This website is not affiliated with, sponsored by, or operated by Jeopardy Productions, Inc. Join the discussion at JBoard.tv.